<?xml version="1.0" encoding="UTF-8"?>
<record
    xmlns:xsi="http://www.w3.org/2001/XMLSchema-instance"
    xsi:schemaLocation="http://www.loc.gov/MARC21/slim http://www.loc.gov/standards/marcxml/schema/MARC21slim.xsd"
    xmlns="http://www.loc.gov/MARC21/slim">

  <leader>00493nam a22001817a 4500</leader>
  <controlfield tag="005">20251204165432.0</controlfield>
  <controlfield tag="008">251203b        |||||||| |||| 00| 0 eng d</controlfield>
  <datafield tag="020" ind1=" " ind2=" ">
    <subfield code="a">978-93-6616-110-5</subfield>
  </datafield>
  <datafield tag="041" ind1=" " ind2=" ">
    <subfield code="a">eng</subfield>
  </datafield>
  <datafield tag="082" ind1=" " ind2=" ">
    <subfield code="a">616.0756 KHA</subfield>
  </datafield>
  <datafield tag="100" ind1=" " ind2=" ">
    <subfield code="a">KHANDURI, SACHIN</subfield>
    <subfield code="9">8837</subfield>
  </datafield>
  <datafield tag="245" ind1=" " ind2=" ">
    <subfield code="a">KARTHIKEYAN,S STEP BY STEP CT SCAN </subfield>
  </datafield>
  <datafield tag="250" ind1=" " ind2=" ">
    <subfield code="a">2ND ED,  2025</subfield>
  </datafield>
  <datafield tag="260" ind1=" " ind2=" ">
    <subfield code="a">NEW DELHI </subfield>
    <subfield code="b">JATPEE BROTHERS DISTRIBUTERS PVT LTD </subfield>
    <subfield code="c">2025</subfield>
  </datafield>
  <datafield tag="300" ind1=" " ind2=" ">
    <subfield code="a">242;P</subfield>
  </datafield>
  <datafield tag="650" ind1=" " ind2=" ">
    <subfield code="a">PARAMEDICAL</subfield>
    <subfield code="x">BMIRT</subfield>
    <subfield code="9">8845</subfield>
  </datafield>
  <datafield tag="942" ind1=" " ind2=" ">
    <subfield code="c">BK</subfield>
  </datafield>
  <datafield tag="999" ind1=" " ind2=" ">
    <subfield code="c">9018</subfield>
    <subfield code="d">9016</subfield>
  </datafield>
  <datafield tag="952" ind1=" " ind2=" ">
    <subfield code="0">0</subfield>
    <subfield code="1">0</subfield>
    <subfield code="4">0</subfield>
    <subfield code="7">0</subfield>
    <subfield code="8">PARAMEDICAL</subfield>
    <subfield code="a">JRU</subfield>
    <subfield code="b">JRU</subfield>
    <subfield code="c">SHELF-105-F</subfield>
    <subfield code="d">2025-12-01</subfield>
    <subfield code="e">PURCHASE</subfield>
    <subfield code="g">895.00</subfield>
    <subfield code="h">LBI-000811/28-11-2025</subfield>
    <subfield code="l">0</subfield>
    <subfield code="o">616.0756 KHA</subfield>
    <subfield code="p">29236</subfield>
    <subfield code="r">2025-12-03 07:46:57</subfield>
    <subfield code="w">2025-12-03</subfield>
    <subfield code="y">BK</subfield>
  </datafield>
  <datafield tag="952" ind1=" " ind2=" ">
    <subfield code="0">0</subfield>
    <subfield code="1">0</subfield>
    <subfield code="4">0</subfield>
    <subfield code="7">0</subfield>
    <subfield code="8">PARAMEDICAL</subfield>
    <subfield code="a">JRU</subfield>
    <subfield code="b">JRU</subfield>
    <subfield code="c">SHELF-105-F</subfield>
    <subfield code="d">2025-12-01</subfield>
    <subfield code="e">PURCHASE</subfield>
    <subfield code="g">895.00</subfield>
    <subfield code="h">LBI-000811/28-11-2025</subfield>
    <subfield code="l">2</subfield>
    <subfield code="m">1</subfield>
    <subfield code="o">616.0756 KHA</subfield>
    <subfield code="p">29237</subfield>
    <subfield code="r">2026-03-26 04:41:18</subfield>
    <subfield code="s">2026-02-19</subfield>
    <subfield code="w">2025-12-03</subfield>
    <subfield code="y">BK</subfield>
  </datafield>
  <datafield tag="952" ind1=" " ind2=" ">
    <subfield code="0">0</subfield>
    <subfield code="1">0</subfield>
    <subfield code="4">0</subfield>
    <subfield code="7">0</subfield>
    <subfield code="8">PARAMEDICAL</subfield>
    <subfield code="a">JRU</subfield>
    <subfield code="b">JRU</subfield>
    <subfield code="c">SHELF-105-F</subfield>
    <subfield code="d">2025-12-01</subfield>
    <subfield code="e">PURCHASE</subfield>
    <subfield code="g">895.00</subfield>
    <subfield code="h">LBI-000811/28-11-2025</subfield>
    <subfield code="l">1</subfield>
    <subfield code="o">616.0756 KHA</subfield>
    <subfield code="p">29238</subfield>
    <subfield code="r">2026-02-10 06:32:11</subfield>
    <subfield code="s">2026-02-06</subfield>
    <subfield code="w">2025-12-03</subfield>
    <subfield code="y">BK</subfield>
  </datafield>
  <datafield tag="952" ind1=" " ind2=" ">
    <subfield code="0">0</subfield>
    <subfield code="1">0</subfield>
    <subfield code="4">0</subfield>
    <subfield code="7">0</subfield>
    <subfield code="8">PARAMEDICAL</subfield>
    <subfield code="a">JRU</subfield>
    <subfield code="b">JRU</subfield>
    <subfield code="c">SHELF-105-F</subfield>
    <subfield code="d">2025-12-01</subfield>
    <subfield code="e">PURCHASE</subfield>
    <subfield code="g">895.00</subfield>
    <subfield code="h">LBI-000811/28-11-2025</subfield>
    <subfield code="l">0</subfield>
    <subfield code="o">616.0756 KHA</subfield>
    <subfield code="p">29239</subfield>
    <subfield code="r">2025-12-03 07:46:57</subfield>
    <subfield code="w">2025-12-03</subfield>
    <subfield code="y">BK</subfield>
  </datafield>
  <datafield tag="952" ind1=" " ind2=" ">
    <subfield code="0">0</subfield>
    <subfield code="1">0</subfield>
    <subfield code="4">0</subfield>
    <subfield code="7">0</subfield>
    <subfield code="8">PARAMEDICAL</subfield>
    <subfield code="a">JRU</subfield>
    <subfield code="b">JRU</subfield>
    <subfield code="c">SHELF-105-F</subfield>
    <subfield code="d">2025-12-01</subfield>
    <subfield code="e">PURCHASE</subfield>
    <subfield code="g">895.00</subfield>
    <subfield code="h">LBI-000811/28-11-2025</subfield>
    <subfield code="l">1</subfield>
    <subfield code="o">616.0756 KHA</subfield>
    <subfield code="p">29240</subfield>
    <subfield code="r">2026-02-13 06:02:17</subfield>
    <subfield code="s">2025-12-13</subfield>
    <subfield code="w">2025-12-03</subfield>
    <subfield code="y">BK</subfield>
  </datafield>
</record>
